Coca-Cola Brands - Statistics

General Stats
  • This quiz has been taken 79 times
  • The average score is 5 of 18
Answer Stats
Description Answer % Correct
Original Fizzy Drink Coca-Cola
99%
Fruit Flavoured Fizzy Drink Fanta
81%
Lemonade Sprite
74%
Low Calorie Fizzy Drink Diet Coke
63%
No Sugar Fizzy Drink Coca-Cola Zero Sugar
59%
Energy Drink Powerade
29%
Water smartwater
23%
Fizzy Drink Dr Pepper
17%
Variey of Beverages Schweppe's
16%
Mineral Water vitaminwater
16%
Exotic Fizzy Drink Lilt
10%
Iced Coffee Costa Coffee
9%
Fruit Juice, Botanicals, Tea Fuze Tea
9%
Fruit Drink Oasis
7%
Water abbey well
4%
Sparkling Fruit Juice Appletiser
4%
Original Flavour Energy Drink Coca-Cola Energy
4%
Lime Juice Cordial Rose's
3%
No matching quizzes found
Score Distribution
Percent of People with Each Score
Percentile by Number Answered
Your Score History
You have not taken this quiz